000
00326nam a22001457a 4500
008
221007b ||||| |||| 00| 0 eng d
020
_a
083595305
041
_a
eng
080
_2
FIFTH EDITION
_a
616.2
082
_a
616.2
100
_a
11.2
101
_a
KARDI
245
_a
BASIC ARRHYTHMIAS
_c
WALRAVEN G
942
_2
udc
_c
BK
999
_c
58412
_d
58412